[Event "HZ Chess Tournament 2024"]
[Site "Vlissingen, Netherlands"]
[Date "2024.08.08"]
[Round "7.30"]
[White "Honkoop, Gilian"]
[Black "Messaoudi, Nino"]
[Result "1-0"]
[WhiteElo "2189"]
[BlackElo "1992"]
[PlyCount "111"]

1. Nf3 Nf6 2. c4 e6 3. g3 d5 4. Bg2 Be7 5. O-O O-O 6. d4 c5 7. cxd5 exd5 8. Nc3
Nc6 9. b3 Be6 10. Bb2 Qd7 11. dxc5 Bxc5 12. Rc1 Be7 13. e3 Rad8 14. Ne2 Rfe8
15. Nf4 Ne4 16. Nd4 a6 17. Nfxe6 fxe6 18. Nxc6 bxc6 19. Bxe4 dxe4 20. Qxd7 Rxd7
21. Rxc6 Rd2 22. Bd4 e5 23. Bxe5 Rxa2 24. Ra1 Rxa1+ 25. Bxa1 Rb8 26. Re6 Bf8
27. Rxe4 Rxb3 28. Ra4 Rb6 29. Kg2 Kf7 30. f4 Ke6 31. Bd4 Rc6 32. g4 g6 33. Kf3
Bd6 34. h3 Bc7 35. e4 a5 36. f5+ gxf5 37. gxf5+ Ke7 38. Ra1 Rh6 39. Rc1 Rxh3+
40. Kg4 Rg3+ 41. Kh4 Bf4 42. f6+ Kf7 43. Rb1 Rg8 44. Rb7+ Ke6 45. Re7+ Kd6 46.
e5+ Kd5 47. Rd7+ Ke6 48. Rd6+ Kf5 49. f7 Rg4+ 50. Kh5 Rg5+ 51. Kh6 Ke4 52. Kxh7
Rh5+ 53. Kg7 Rg5+ 54. Rg6 Rxg6+ 55. Kxg6 Kxd4 56. f8=Q 1-0

[Event "HZ Chess Tournament 2024"]
[Site "Vlissingen, Netherlands"]
[Date "2024.08.08"]
[Round "7.31"]
[White "Vantorre, Nils"]
[Black "Oostvogels, Niek"]
[Result "1-0"]
[WhiteElo "2153"]
[BlackElo "1960"]
[PlyCount "41"]

1. e4 e6 2. d4 d5 3. Nc3 dxe4 4. Nxe4 Nd7 5. Nf3 Ngf6 6. Nxf6+ Nxf6 7. Bd3 Be7
8. Qe2 O-O 9. Bg5 c5 10. O-O-O Qa5 11. Kb1 Re8 12. h4 cxd4 13. Ne5 g6 14. h5
Nd7 15. hxg6 fxg6 16. Bf4 Nxe5 17. Bxe5 Rf8 18. Rxh7 Bf6 19. Qe4 Qxe5 20. Qxg6+
Bg7 21. Rh8+ 1-0

[Event "HZ Chess Tournament 2024"]
[Site "Vlissingen, Netherlands"]
[Date "2024.08.08"]
[Round "7.33"]
[White "Merz, Leander"]
[Black "Van Doren, Bas"]
[Result "1/2-1/2"]
[WhiteElo "1950"]
[BlackElo "2129"]
[PlyCount "89"]

1. e4 e5 2. Nf3 Nc6 3. Bc4 Nf6 4. d4 exd4 5. e5 d5 6. Bb5 Nd7 7. O-O Be7 8. Re1
O-O 9. Bxc6 bxc6 10. Nxd4 Nb8 11. Qf3 c5 12. Nf5 Bxf5 13. Qxf5 Nc6 14. c3 Rb8
15. Nd2 Rb6 16. f4 c4 17. Qg4 Bc5+ 18. Kh1 f5 19. Qe2 Qe7 20. Nf3 Nd8 21. a4
Ne6 22. a5 Rb3 23. Qc2 h6 24. h4 Nd4 25. cxd4 Rxf3 26. gxf3 Qxh4+ 27. Kg2 Qxe1
28. dxc5 Rb8 29. Ra3 g6 30. Be3 c6 31. Bd4 Qh4 32. Qd2 g5 33. fxg5 f4 34. Kf1
Qh1+ 35. Bg1 hxg5 36. Qc2 Kg7 37. Qf5 Rxb2 38. Qxg5+ Kh8 39. Qd8+ Kh7 40. Qe7+
Kh8 41. Qf8+ Kh7 42. Qf7+ Kh8 43. Qf8+ Kh7 44. Qf7+ Kh8 45. Qf8+ 1/2-1/2

[Event "HZ Chess Tournament 2024"]
[Site "Vlissingen, Netherlands"]
[Date "2024.08.08"]
[Round "7.34"]
[White "Van Baar, Esper"]
[Black "Kalle, Erwin"]
[Result "0-1"]
[WhiteElo "2248"]
[BlackElo "1998"]
[PlyCount "70"]

1. Nf3 c5 2. e4 d6 3. Bb5+ Nd7 4. d4 cxd4 5. Nxd4 Ngf6 6. Bd3 e5 7. Nb3 Be7 8.
Nc3 a6 9. a4 O-O 10. a5 Qc7 11. O-O b5 12. axb6 Nxb6 13. Qe2 d5 14. Nxd5 Nfxd5
15. exd5 f5 16. f3 Nxd5 17. Bd2 Be6 18. Na5 Bb4 19. Bxb4 Nxb4 20. Bc4 Rfe8 21.
c3 Nd5 22. Rfe1 Bf7 23. Kh1 e4 24. fxe4 Rxe4 25. Qf1 Ne3 26. Bxf7+ Qxf7 27. Qd3
Rae8 28. Qd2 f4 29. Qf2 Qh5 30. h3 g5 31. Kg1 g4 32. Qe2 Nc2 33. Qxc2 Rxe1+ 34.
Rxe1 Rxe1+ 35. Kf2 Qh4+ 0-1

[Event "HZ Chess Tournament 2024"]
[Site "Vlissingen, Netherlands"]
[Date "2024.08.08"]
[Round "7.35"]
[White "De Zwart, Johan"]
[Black "Hirzel, Cedric"]
[Result "1/2-1/2"]
[WhiteElo "1945"]
[BlackElo "2116"]
[PlyCount "56"]

1. e4 e6 2. d4 d5 3. e5 c5 4. c3 Qb6 5. Nf3 Bd7 6. Bd3 Bb5 7. O-O Bxd3 8. Qxd3
Qa6 9. Qd1 cxd4 10. cxd4 Nc6 11. Nc3 Nge7 12. a3 Rc8 13. Be3 Nf5 14. b4 Nce7
15. Qa4+ Qxa4 16. Nxa4 Nxe3 17. fxe3 Nf5 18. Rfc1 Rxc1+ 19. Rxc1 Kd7 20. Kf2
Be7 21. Nc5+ Bxc5 22. Rxc5 f6 23. Ke2 Ne7 24. Kd3 b6 25. Rc3 Rc8 26. Rxc8 Kxc8
27. exf6 gxf6 28. g4 h6 1/2-1/2

[Event "HZ Chess Tournament 2024"]
[Site "Vlissingen, Netherlands"]
[Date "2024.08.08"]
[Round "7.36"]
[White "Van Gemert, Rogier"]
[Black "Van der Werf, Joel"]
[Result "0-1"]
[WhiteElo "1945"]
[BlackElo "2114"]
[PlyCount "112"]

1. d4 Nf6 2. Bf4 e6 3. Nf3 c5 4. e3 Nc6 5. c3 d5 6. Nbd2 Nh5 7. Bg3 cxd4 8.
exd4 Nxg3 9. hxg3 Bd7 10. Bd3 h6 11. Qe2 Be7 12. Bc2 Qb6 13. Rb1 Rc8 14. O-O
Qc7 15. Rfe1 O-O 16. Bd3 a6 17. a3 Bf6 18. Nb3 a5 19. Nc5 Be8 20. Bb5 Ne7 21.
Bxe8 Rfxe8 22. Nd3 Ng6 23. Nfe5 Nxe5 24. Nxe5 Bxe5 25. Qxe5 Qxe5 26. Rxe5 b5
27. Re2 Rc4 28. Rd2 Rb8 29. Kf1 b4 30. cxb4 axb4 31. b3 bxa3 32. Ke2 Rcb4 33.
Rd3 a2 34. Ra1 Rxb3 35. Rxa2 Rb2+ 36. Rd2 Rxa2 37. Rxa2 g5 38. g4 Kg7 39. f3
Kg6 40. Kf2 Rb4 41. Ke3 Rb3+ 42. Ke2 h5 43. gxh5+ Kxh5 44. Ra7 Rb2+ 45. Ke3 f5
46. Ra6 f4+ 47. Kd3 Rxg2 48. Rxe6 Rf2 49. Re5 Rxf3+ 50. Kd2 Re3 51. Rxd5 Re8
52. Rd7 Kg4 53. d5 Kf3 54. Rg7 g4 55. d6 Re6 56. d7 Rd6+ 0-1

[Event "HZ Chess Tournament 2024"]
[Site "Vlissingen, Netherlands"]
[Date "2024.08.08"]
[Round "7.37"]
[White "Galle, Andre"]
[Black "Lacrosse, Marc"]
[Result "1-0"]
[WhiteElo "1942"]
[BlackElo "2112"]
[PlyCount "60"]

1. d4 d5 2. c4 e6 3. Nf3 Nf6 4. g3 Be7 5. Bg2 O-O 6. O-O dxc4 7. Na3 Bxa3 8.
bxa3 b5 9. Ne5 c6 10. a4 Nd5 11. axb5 Nc3 12. Qc2 Nxb5 13. e3 Ba6 14. a4 Nd6
15. Ba3 f6 16. Bxd6 Qxd6 17. Nxc4 Qc7 18. Rfc1 Nd7 19. Nd2 Bb7 20. Ra3 Rac8 21.
Rc3 Nb8 22. Ne4 Rcd8 23. Nc5 Bc8 24. Qb3 Rfe8 25. Bh3 Kf7 26. Rb1 Bb7 27. Qc4
Bc8 28. Rcb3 Bd7 29. Rb7 Qd6 30. Rxa7 Re7 1-0

[Event "HZ Chess Tournament 2024"]
[Site "Vlissingen, Netherlands"]
[Date "2024.08.08"]
[Round "7.38"]
[White "Margarido, Jose Miguel Tei"]
[Black "Reulink, Fred"]
[Result "1-0"]
[WhiteElo "2112"]
[BlackElo "1941"]
[PlyCount "41"]

1. c4 e5 2. g3 Nf6 3. Bg2 Nc6 4. Nc3 Bb4 5. Nd5 Be7 6. e3 O-O 7. Ne2 d6 8. O-O
a5 9. d3 Nd7 10. b3 Nc5 11. Bb2 a4 12. b4 a3 13. Bc1 Na4 14. Bxa3 Nb6 15. Qb3
Nxd5 16. cxd5 Na7 17. Bb2 c6 18. f4 exf4 19. dxc6 Be6 20. cxb7 Bxb3 21. bxa8=Q
1-0

[Event "HZ Chess Tournament 2024"]
[Site "Vlissingen, Netherlands"]
[Date "2024.08.08"]
[Round "7.39"]
[White "Verheij, Dana"]
[Black "Wagenvoorde, Guido"]
[Result "1-0"]
[WhiteElo "1941"]
[BlackElo "2108"]
[PlyCount "65"]

1. e4 c5 2. Nc3 e6 3. Nge2 Nc6 4. g3 d5 5. exd5 exd5 6. d4 Bg4 7. Bg2 Nxd4 8.
h3 Bf3 9. Kf1 Qd7 10. Bxf3 Nxf3 11. Nxd5 O-O-O 12. c4 Ne7 13. Nec3 Ne5 14. b3
f6 15. Kg2 h5 16. a4 h4 17. a5 hxg3 18. fxg3 N7c6 19. Be3 Bd6 20. Na4 Qf5 21.
Nxc5 Bxc5 22. Bxc5 Qe4+ 23. Kg1 Nf3+ 24. Kf2 Nce5 25. Bxa7 Nd3+ 26. Kf1 Nfe1
27. Rh2 Rxh3 28. Qe2 Qf5+ 29. Bf2 Rxd5 30. cxd5 Rxh2 31. Qe8+ Kc7 32. Qe7+ Qd7
33. Bb6+ 1-0

[Event "HZ Chess Tournament 2024"]
[Site "Vlissingen, Netherlands"]
[Date "2024.08.08"]
[Round "7.40"]
[White "Wink, Luka"]
[Black "Verbeeren, Peter"]
[Result "1-0"]
[WhiteElo "2090"]
[BlackElo "1936"]
[PlyCount "81"]

1. e4 d5 2. exd5 Qxd5 3. Nc3 Qd6 4. d4 Nf6 5. Nf3 c6 6. g3 Bg4 7. Bg2 e6 8. O-O
Be7 9. h3 Bxf3 10. Bxf3 O-O 11. Ne2 Qc7 12. c4 Rd8 13. Qb3 Nbd7 14. Bf4 Qb6 15.
Qc2 a5 16. Rad1 Nf8 17. Nc3 Ng6 18. Be3 Qc7 19. h4 Rab8 20. h5 Nf8 21. Qb3 N8d7
22. Rfe1 Qb6 23. Qc2 Qa6 24. d5 cxd5 25. cxd5 exd5 26. Bf4 Bd6 27. Bxd6 Qxd6
28. Nxd5 Nxd5 29. Rxd5 Qf6 30. Qe4 Nf8 31. Rf5 Qxb2 32. Rxf7 Kxf7 33. Qc4+ Ne6
34. Qxe6+ Kf8 35. Re4 Rd4 36. Rf4+ Rxf4 37. Qd6+ Kf7 38. Bd5+ Ke8 39. Qxb8+ Ke7
40. Qc7+ Ke8 41. Qxf4 1-0